[Event "ELM 22/23"]
[Site "?"]
[Date "2022.09.25"]
[Round "4.11"]
[White "Luc, Martin"]
[Black "Dudkova, Josefina"]
[Result "1-0"]
[BlackElo "1539"]
[WhiteElo "1296"]
[LiveChessVersion "1.4.8"]

1. c4 {[%clk 1:30:55]} e5 {[%clk 1:29:44]} 2. Nc3 {[%clk 1:31:10]} Nf6
{[%clk 1:29:38]} 3. g3 {[%clk 1:30:55]} c6 {[%clk 1:27:45]} 4. Bg2
{[%clk 1:28:31]} d5 {[%clk 1:26:19]} 5. cxd5 {[%clk 1:27:32]} cxd5
{[%clk 1:26:15]} 6. d3 {[%clk 1:26:29]} h6 {[%clk 1:22:00]} 7. Qb3
{[%clk 1:23:51]} Nc6 {[%clk 1:06:42]} 8. Nxd5 {[%clk 1:12:32]} Nd4
{[%clk 0:56:19]} 9. Nxf6+ {[%clk 1:11:03]} Qxf6 {[%clk 0:54:56]} 10. Qd1
{[%clk 1:08:57]} Bc5 {[%clk 0:49:37]} 11. Be3 {[%clk 1:03:08]} O-O
{[%clk 0:46:11]} 12. Nf3 {[%clk 0:56:17]} Rd8 {[%clk 0:35:21]} 13. Nxd4
{[%clk 0:55:23]} Bxd4 {[%clk 0:35:16]} 14. Bxd4 {[%clk 0:55:48]} Rxd4
{[%clk 0:35:40]} 15. Qb3 {[%clk 0:54:22]} Qe7 {[%clk 0:32:36]} 16. O-O
{[%clk 0:52:57]} Rb4 {[%clk 0:31:14]} 17. Qa3 {[%clk 0:49:57]} Bf5
{[%clk 0:29:01]} 18. Rac1 {[%clk 0:47:17]} Be6 {[%clk 0:24:13]} 19. Rc2
{[%clk 0:44:21]} a5 {[%clk 0:19:13]} 20. Rfc1 {[%clk 0:42:50]} Ra7
{[%clk 0:18:45]} 21. Rc7 {[%clk 0:41:49]} Qd6 {[%clk 0:17:20]} 22. R7c5
{[%clk 0:36:24]} Qd4 {[%clk 0:13:48]} 23. b3 {[%clk 0:30:53]} b6 {[%clk 0:11:50]}
24. Rc6 {[%clk 0:26:53]} Rb5 {[%clk 0:10:59]} 25. Qd6 {[%clk 0:23:53]} Qxd6
{[%clk 0:09:58]} 26. Rxd6 {[%clk 0:24:14]} a4 {[%clk 0:08:09]} 27. bxa4
{[%clk 0:22:51]} Rb2 {[%clk 0:08:20]} 28. Bf3 {[%clk 0:21:44]} Rxa4
{[%clk 0:08:05]} 29. Kg2 {[%clk 0:20:31]} Raxa2 {[%clk 0:07:51]} 30. Rcc6
{[%clk 0:15:05]} b5 {[%clk 0:05:13]} 31. Rc5 {[%clk 0:15:34]} b4 {[%clk 0:05:41]}
32. Rxe5 {[%clk 0:13:14]} b3 {[%clk 0:05:54]} 33. Rb6 {[%clk 0:11:42]} Rb1
{[%clk 0:04:51]} 34. Reb5 {[%clk 0:11:52]} Raa1 {[%clk 0:03:52]} 35. Rb8+
{[%clk 0:12:01]} Kh7 {[%clk 0:04:07]} 36. Be4+ {[%clk 0:12:26]} g6
{[%clk 0:03:38]} 37. d4 {[%clk 0:12:07]} Bc4 {[%clk 0:01:47]} 38. Bxb1
{[%clk 0:10:12]} Bxb5 {[%clk 0:02:15]} 39. Bxg6+ {[%clk 0:10:15]} Kxg6
{[%clk 0:02:30]} 40. Rxb5 {[%clk 0:10:40]} Rd1 {[%clk 0:02:33]} 41. Rxb3
{[%clk 0:10:27]} Rxd4 {[%clk 0:03:02]} 42. Rb6+ {[%clk 0:10:26]} f6
{[%clk 0:03:18]} 43. e3 {[%clk 0:10:53]} Rd5 {[%clk 0:03:32]} 44. Rb4
{[%clk 0:11:13]} Rf5 {[%clk 0:03:38]} 45. Rf4 {[%clk 0:11:17]} Re5
{[%clk 0:03:59]} 46. Kf3 {[%clk 0:11:30]} Rc5 {[%clk 0:04:08]} 47. Kg4
{[%clk 0:10:57]} Rg5+ {[%clk 0:04:25]} 48. Kf3 {[%clk 0:11:21]} Rc5
{[%clk 0:04:48]} 49. h4 {[%clk 0:11:30]} Rb5 {[%clk 0:04:55]} 50. Kg4
{[%clk 0:11:33]} Rc5 {[%clk 0:05:04]} 51. h5+ {[%clk 0:11:13]} Kg7
{[%clk 0:05:00]} 52. Rf5 {[%clk 0:11:01]} Rc4+ {[%clk 0:05:23]} 53. Kf3
{[%clk 0:10:37]} Kf7 {[%clk 0:05:28]} 54. e4 {[%clk 0:10:44]} Ke6
{[%clk 0:05:43]} 55. Ra5 {[%clk 0:10:43]} Rc6 {[%clk 0:05:58]} 56. Kf4
{[%clk 0:11:00]} 1-0

[Event "ELM 22/23"]
[Site "?"]
[Date "2022.09.25"]
[Round "4.12"]
[White "Slansky, Jachym"]
[Black "Kubatova, Beta"]
[Result "1-0"]
[BlackElo "1252"]
[WhiteElo "1310"]
[LiveChessVersion "1.4.8"]

1. e4 {[%clk 1:30:22]} c5 2. Nc3 {[%clk 1:30:45]} Nc6 {[%clk 1:30:54]} 3. d3
{[%clk 1:30:48]} g6 {[%clk 1:30:50]} 4. g3 {[%clk 1:31:03]} Bg7 {[%clk 1:30:26]}
5. Bg2 {[%clk 1:31:15]} Nf6 {[%clk 1:30:30]} 6. f4 {[%clk 1:31:32]} d6
{[%clk 1:30:37]} 7. Nf3 {[%clk 1:31:06]} O-O {[%clk 1:29:53]} 8. O-O
{[%clk 1:31:29]} Bd7 {[%clk 1:28:39]} 9. h3 {[%clk 1:30:24]} h5 {[%clk 1:25:43]}
10. Nh2 {[%clk 1:29:01]} Qc8 {[%clk 1:24:48]} 11. h4 {[%clk 1:25:00]} a6
{[%clk 1:22:41]} 12. Qf3 {[%clk 1:24:45]} Nd4 {[%clk 1:22:39]} 13. Qf2
{[%clk 1:23:23]} Rb8 {[%clk 1:18:42]} 14. Be3 {[%clk 1:18:41]} Nc6
{[%clk 1:17:12]} 15. f5 {[%clk 1:16:57]} Ne5 {[%clk 1:16:42]} 16. Bh3
{[%clk 1:13:45]} b5 {[%clk 1:12:25]} 17. Qf4 {[%clk 1:11:29]} Qd8
{[%clk 0:44:54]} 18. g4 {[%clk 1:10:11]} Qe8 {[%clk 0:40:39]} 19. Kg2
{[%clk 1:07:25]} Kh8 {[%clk 0:37:29]} 20. g5 {[%clk 1:05:55]} Nh7
{[%clk 0:37:10]} 21. Nd5 {[%clk 1:02:27]} Rg8 {[%clk 0:30:34]} 22. f6
{[%clk 0:57:17]} Bf8 {[%clk 0:28:59]} 23. d4 {[%clk 0:53:54]} Bxh3+
{[%clk 0:23:33]} 24. Kxh3 {[%clk 0:53:26]} Nd7 {[%clk 0:23:32]} 25. dxc5
{[%clk 0:48:44]} Nxc5 {[%clk 0:20:04]} 26. Nxe7 {[%clk 0:42:10]} Bxe7
{[%clk 0:19:21]} 27. fxe7 {[%clk 0:41:41]} Ne6 {[%clk 0:08:56]} 28. Qxf7
{[%clk 0:40:30]} Qc8 {[%clk 0:08:41]} 29. Kg3 {[%clk 0:38:46]} Rb7
{[%clk 0:07:09]} 30. Rad1 {[%clk 0:21:27]} Qd7 {[%clk 0:05:06]} 31. c3
{[%clk 0:18:20]} a5 {[%clk 0:04:28]} 32. Bf4 {[%clk 0:11:34]} Nxf4
{[%clk 0:04:31]} 33. Rxf4 {[%clk 0:11:55]} Qxe7 {[%clk 0:03:40]} 34. Qxe7
{[%clk 0:12:01]} Rxe7 {[%clk 0:04:07]} 35. Rxd6 {[%clk 0:12:22]} Nf8
{[%clk 0:03:36]} 36. Nf3 {[%clk 0:10:17]} Ne6 {[%clk 0:03:28]} 37. Rf6
{[%clk 0:08:45]} Nc5 {[%clk 0:03:37]} 38. Nd2 {[%clk 0:06:39]} Kh7
{[%clk 0:03:41]} 39. Kf4 {[%clk 0:05:47]} Nd7 {[%clk 0:03:20]} 40. Rfe6
{[%clk 0:05:16]} Rf8+ {[%clk 0:03:11]} 41. Ke3 {[%clk 0:05:10]} Rxe6
{[%clk 0:03:11]} 42. Rxe6 {[%clk 0:05:16]} Nc5 {[%clk 0:03:28]} 43. Rb6
{[%clk 0:05:18]} Rd8 {[%clk 0:03:30]} 44. Rxb5 {[%clk 0:04:30]} Na4
{[%clk 0:02:46]} 45. Nc4 {[%clk 0:03:56]} Rc8 {[%clk 0:03:10]} 46. Kd3
{[%clk 0:03:22]} Nc5+ {[%clk 0:03:21]} 47. Ke3 {[%clk 0:02:41]} Ne6
{[%clk 0:03:20]} 48. Nxa5 {[%clk 0:02:39]} Rf8 {[%clk 0:03:29]} 49. Rb6
{[%clk 0:01:25]} Nf4 {[%clk 0:03:50]} 50. Rf6 {[%clk 0:01:22]} Ng2+
{[%clk 0:03:25]} 51. Kf2 {[%clk 0:01:43]} Rxf6+ {[%clk 0:03:38]} 52. gxf6
{[%clk 0:02:12]} Nxh4 {[%clk 0:03:54]} 53. b4 {[%clk 0:02:29]} g5
{[%clk 0:04:06]} 54. b5 {[%clk 0:02:46]} Ng6 {[%clk 0:04:01]} 55. b6
{[%clk 0:03:12]} Ne5 {[%clk 0:04:22]} 56. b7 {[%clk 0:03:20]} Nd7
{[%clk 0:04:46]} 57. Nc6 1-0

[Event "ELM 22/23"]
[Site "?"]
[Date "2022.09.25"]
[Round "4.13"]
[White "Stalmach, Richard"]
[Black "Neumann, Filip"]
[Result "1-0"]
[BlackElo "2195"]
[WhiteElo "2438"]
[LiveChessVersion "1.4.8"]

1. d4 {[%clk 1:30:57]} Nf6 {[%clk 1:30:47]} 2. c4 {[%clk 1:31:00]} c6
{[%clk 1:31:13]} 3. Nc3 {[%clk 1:30:49]} d5 {[%clk 1:31:36]} 4. Nf3
{[%clk 1:30:38]} a6 {[%clk 1:32:02]} 5. e3 {[%clk 1:30:15]} Bf5 {[%clk 1:32:27]}
6. Qb3 {[%clk 1:19:21]} Ra7 {[%clk 1:32:44]} 7. Nh4 {[%clk 1:17:01]} Bc8
{[%clk 1:33:02]} 8. a4 {[%clk 1:14:01]} b6 {[%clk 1:21:57]} 9. Nf3
{[%clk 1:07:17]} Bf5 {[%clk 1:16:02]} 10. Nh4 {[%clk 1:05:57]} Bc8
{[%clk 1:16:24]} 11. Bd3 {[%clk 1:05:17]} e6 {[%clk 1:16:02]} 12. Nf3
{[%clk 1:05:41]} Bd6 {[%clk 1:12:28]} 13. e4 {[%clk 1:02:42]} dxe4
{[%clk 1:11:45]} 14. Nxe4 {[%clk 1:02:58]} Nxe4 {[%clk 1:11:15]} 15. Bxe4
{[%clk 1:03:23]} a5 {[%clk 1:05:12]} 16. O-O {[%clk 1:00:28]} c5 {[%clk 1:01:30]}
17. dxc5 {[%clk 0:49:24]} Bxc5 {[%clk 1:01:20]} 18. Bf4 {[%clk 0:47:25]} Nd7
{[%clk 0:54:14]} 19. Rad1 {[%clk 0:47:25]} Qe7 {[%clk 0:48:02]} 20. Qc3
{[%clk 0:36:44]} f6 {[%clk 0:44:50]} 21. Rfe1 {[%clk 0:34:21]} e5
{[%clk 0:40:23]} 22. Qc2 {[%clk 0:28:38]} g6 {[%clk 0:30:31]} 23. h4
{[%clk 0:25:22]} Bb7 {[%clk 0:28:19]} 24. Bxg6+ {[%clk 0:24:03]} hxg6
{[%clk 0:28:17]} 25. Qxg6+ {[%clk 0:24:24]} Kf8 {[%clk 0:27:17]} 26. Rxd7
{[%clk 0:18:12]} Qxd7 {[%clk 0:26:35]} 27. Qxf6+ {[%clk 0:18:37]} Kg8
{[%clk 0:26:57]} 28. Rxe5 {[%clk 0:18:08]} Bf8 {[%clk 0:24:08]} 29. Qg6+
{[%clk 0:12:25]} Qg7 {[%clk 0:24:32]} 30. Qe6+ {[%clk 0:11:22]} Qf7
{[%clk 0:24:55]} 31. Qg4+ {[%clk 0:09:22]} Bg7 {[%clk 0:24:44]} 32. Ng5
{[%clk 0:08:16]} Qg6 {[%clk 0:24:57]} 33. Qd7 {[%clk 0:06:57]} Qb1+
{[%clk 0:18:43]} 34. Kh2 {[%clk 0:07:25]} Rxh4+ {[%clk 0:18:51]} 35. Kg3
{[%clk 0:07:52]} Rxf4 {[%clk 0:19:08]} 36. Re8+ {[%clk 0:07:08]} Bf8
{[%clk 0:19:16]} 37. Qe6+ {[%clk 0:05:08]} Kg7 {[%clk 0:19:40]} 38. Qe5+
{[%clk 0:05:18]} Rf6 {[%clk 0:17:19]} 39. Ne6+ {[%clk 0:04:54]} Kh7
{[%clk 0:17:23]} 40. Nxf8+ {[%clk 0:04:49]} Rxf8 {[%clk 0:17:45]} 41. Re7+
{[%clk 0:04:35]} Kh6 {[%clk 0:18:08]} 42. Qg7+ {[%clk 0:04:02]} Kh5
{[%clk 0:18:33]} 43. Re5+ {[%clk 0:04:19]} Qf5 {[%clk 0:17:37]} 44. Qh7+
{[%clk 0:04:04]} Kg5 {[%clk 0:18:00]} 45. f4+ {[%clk 0:04:31]} 1-0

[Event "ELM 22/23"]
[Site "?"]
[Date "2022.09.25"]
[Round "4.14"]
[White "Winter, Ondrej"]
[Black "Gnojek, Petr"]
[Result "1/2-1/2"]
[BlackElo "2335"]
[WhiteElo "2209"]
[LiveChessVersion "1.4.8"]

1. e4 {[%clk 1:30:57]} c5 {[%clk 1:30:46]} 2. Nf3 {[%clk 1:30:50]} e6
{[%clk 1:31:09]} 3. d4 {[%clk 1:31:15]} cxd4 {[%clk 1:31:34]} 4. Nxd4
{[%clk 1:31:42]} Nf6 {[%clk 1:31:59]} 5. Nc3 {[%clk 1:32:09]} d6 {[%clk 1:32:25]}
6. g4 {[%clk 1:32:25]} h6 {[%clk 1:32:50]} 7. h4 {[%clk 1:32:33]} Nc6
{[%clk 1:33:15]} 8. Rg1 {[%clk 1:32:23]} d5 {[%clk 1:33:28]} 9. exd5
{[%clk 1:32:24]} Nxd5 {[%clk 1:33:53]} 10. Nxd5 {[%clk 1:32:20]} exd5
{[%clk 1:34:18]} 11. Be3 {[%clk 1:30:23]} Qxh4 {[%clk 1:34:40]} 12. Qf3
{[%clk 1:19:47]} Nxd4 {[%clk 1:35:05]} 13. Bxd4 {[%clk 1:20:11]} Qe7+
{[%clk 1:35:31]} 14. Be2 {[%clk 1:16:57]} Qe4 {[%clk 1:35:57]} 15. O-O-O
{[%clk 1:10:13]} Qxf3 {[%clk 1:36:22]} 16. Bxf3 {[%clk 1:10:40]} Be6
{[%clk 1:36:47]} 17. Rge1 {[%clk 1:05:20]} Kd7 {[%clk 1:35:32]} 18. Be5
{[%clk 0:50:37]} Re8 {[%clk 1:21:47]} 19. Bxd5 {[%clk 0:37:43]} Bxd5
{[%clk 1:22:11]} 20. Rxd5+ {[%clk 0:38:11]} Kc6 {[%clk 1:22:24]} 21. Red1
{[%clk 0:38:09]} h5 {[%clk 1:21:15]} 22. Bf4 {[%clk 0:19:40]} Re4
{[%clk 1:20:54]} 23. Rf5 {[%clk 0:15:31]} Bc5 {[%clk 1:17:07]} 24. gxh5
{[%clk 0:12:49]} Re2 {[%clk 1:02:05]} 25. Rxf7 {[%clk 0:08:47]} Rxf2
{[%clk 0:59:00]} 26. Rc7+ {[%clk 0:08:24]} Kb6 {[%clk 0:59:26]} 27. Rxc5
{[%clk 0:08:38]} Rxf4 {[%clk 0:59:53]} 28. Rg5 {[%clk 0:08:42]} Rf7
{[%clk 1:00:16]} 29. b3 {[%clk 0:07:08]} Re8 {[%clk 0:58:42]} 30. Rd3
{[%clk 0:06:13]} a6 {[%clk 0:58:47]} 31. Rdg3 {[%clk 0:06:19]} Ree7
{[%clk 0:59:01]} 32. Rg2 {[%clk 0:06:23]} Rd7 {[%clk 0:56:29]} 33. Kb2
{[%clk 0:06:42]} Rfe7 {[%clk 0:56:15]} 34. a4 {[%clk 0:07:03]} Rf7
{[%clk 0:56:17]} 35. a5+ {[%clk 0:07:25]} Ka7 {[%clk 0:55:52]} 36. b4
{[%clk 0:07:12]} Kb8 {[%clk 0:56:06]} 37. c3 {[%clk 0:07:13]} Rc7
{[%clk 0:56:20]} 38. R2g3 {[%clk 0:06:17]} Rcd7 {[%clk 0:56:34]} 39. Kb3
{[%clk 0:06:31]} Ka7 {[%clk 0:56:06]} 40. Re5 {[%clk 0:06:28]} Rd8
{[%clk 0:53:45]} 41. Reg5 {[%clk 0:03:26]} Rdd7 {[%clk 0:52:03]} 42. Re3
{[%clk 0:03:47]} Rf8 {[%clk 0:52:03]} 43. c4 {[%clk 0:03:28]} Rf2
{[%clk 0:50:41]} 44. b5 {[%clk 0:02:14]} axb5 {[%clk 0:51:06]} 45. cxb5
{[%clk 0:02:36]} Rf8 {[%clk 0:51:20]} 46. Reg3 {[%clk 0:00:52]} Rff7
{[%clk 0:51:39]} 47. Rc3 {[%clk 0:01:04]} Rd8 {[%clk 0:43:52]} 48. Rgc5
{[%clk 0:01:18]} Kb8 {[%clk 0:43:54]} 49. b6 {[%clk 0:01:34]} Rh8
{[%clk 0:43:23]} 50. Rg5 {[%clk 0:01:28]} Rd7 {[%clk 0:39:23]} 51. Rcg3
{[%clk 0:01:49]} Rh7 {[%clk 0:39:28]} 52. Kc4 {[%clk 0:01:12]} Kc8
{[%clk 0:38:52]} 53. R3g4 {[%clk 0:01:09]} Re7 {[%clk 0:36:29]} 54. Kb5
{[%clk 0:00:44]} Re1 {[%clk 0:36:15]} 55. Rc4+ {[%clk 0:00:37]} Kb8
{[%clk 0:36:25]} 56. Rc7 {[%clk 0:00:57]} Rh1 {[%clk 0:36:34]} 57. Rf7
{[%clk 0:00:36]} Rh8 {[%clk 0:36:59]} 58. Rfxg7 {[%clk 0:00:33]} R1xh5
{[%clk 0:37:17]} 59. Rxh5 {[%clk 0:00:51]} Rxh5+ {[%clk 0:37:43]} 60. Kb4
{[%clk 0:01:13]} Rh8 {[%clk 0:37:32]} 61. Kc5 {[%clk 0:01:26]} Rd8
{[%clk 0:36:40]} 62. Rg6 {[%clk 0:00:58]} Kc8 {[%clk 0:36:42]} 63. Rd6
{[%clk 0:01:14]} Rh8 {[%clk 0:37:06]} 64. Rd5 {[%clk 0:01:30]} Rh6
{[%clk 0:35:06]} 65. Rg5 {[%clk 0:01:48]} Rh8 {[%clk 0:35:32]} 66. Kd6
{[%clk 0:02:07]} Rh6+ {[%clk 0:35:18]} 67. Kc5 {[%clk 0:01:57]} Rh8
{[%clk 0:35:41]} 68. Re5 {[%clk 0:02:16]} Rd8 {[%clk 0:35:30]} 69. Rd5
{[%clk 0:02:45]} Rh8 {[%clk 0:35:53]} 70. Rf5 {[%clk 0:02:08]} Rd8
{[%clk 0:36:16]} 71. Re5 {[%clk 0:02:35]} Rh8 {[%clk 0:36:22]} 72. Rd5
{[%clk 0:03:00]} Rg8 {[%clk 0:36:37]} 73. Kd6 {[%clk 0:03:22]} Rd8+
{[%clk 0:37:01]} 74. Kc5 1/2-1/2

[Event "ELM 22/23"]
[Site "?"]
[Date "2022.09.25"]
[Round "4.15"]
[White "Frank, Adam"]
[Black "Rokos, Filip"]
[Result "1-0"]
[BlackElo "2013"]
[WhiteElo "2286"]
[LiveChessVersion "1.4.8"]

1. e4 {[%clk 1:30:58]} e6 {[%clk 1:30:57]} 2. b3 {[%clk 1:31:25]} d5
{[%clk 1:30:54]} 3. Bb2 {[%clk 1:31:51]} dxe4 {[%clk 1:30:14]} 4. Nc3
{[%clk 1:32:16]} Nf6 {[%clk 1:29:50]} 5. Qe2 {[%clk 1:32:42]} Nbd7
{[%clk 1:26:01]} 6. Nxe4 {[%clk 1:33:06]} Be7 {[%clk 1:26:05]} 7. O-O-O
{[%clk 1:33:17]} b6 {[%clk 1:17:19]} 8. g3 {[%clk 1:24:36]} Bb7 {[%clk 1:12:47]}
9. Bg2 {[%clk 1:25:02]} Bxe4 {[%clk 1:11:55]} 10. Bxe4 {[%clk 1:25:28]} Nxe4
{[%clk 1:12:18]} 11. Qxe4 {[%clk 1:25:56]} Bf6 {[%clk 1:12:06]} 12. f4
{[%clk 1:18:49]} Bxb2+ {[%clk 1:10:59]} 13. Kxb2 {[%clk 1:19:15]} O-O
{[%clk 1:10:36]} 14. Nf3 {[%clk 1:19:37]} a5 {[%clk 1:09:27]} 15. a4
{[%clk 1:10:14]} Qe7 {[%clk 1:05:23]} 16. d4 {[%clk 1:01:06]} Nf6
{[%clk 1:02:34]} 17. Qc6 {[%clk 1:00:10]} Qd6 {[%clk 0:59:07]} 18. Ne5
{[%clk 0:58:40]} Rfd8 {[%clk 0:57:48]} 19. Qc4 {[%clk 0:48:00]} Nd5
{[%clk 0:53:02]} 20. Rhe1 {[%clk 0:48:09]} Rac8 {[%clk 0:51:52]} 21. Nc6
{[%clk 0:46:40]} Re8 {[%clk 0:51:36]} 22. Re5 {[%clk 0:42:03]} Qd7
{[%clk 0:48:41]} 23. Rde1 {[%clk 0:40:52]} Ne7 {[%clk 0:45:13]} 24. Nxe7+
{[%clk 0:37:41]} Rxe7 {[%clk 0:45:21]} 25. c3 {[%clk 0:21:35]} Rce8
{[%clk 0:42:55]} 26. R1e2 {[%clk 0:21:45]} Rd8 {[%clk 0:33:32]} 27. g4
{[%clk 0:19:54]} Qd6 {[%clk 0:29:12]} 28. f5 {[%clk 0:16:23]} Rde8
{[%clk 0:28:23]} 29. Qb5 {[%clk 0:16:49]} f6 {[%clk 0:24:22]} 30. Rxe6
{[%clk 0:16:17]} Rxe6 {[%clk 0:24:46]} 31. fxe6 {[%clk 0:15:43]} Rxe6
{[%clk 0:25:09]} 32. Qc4 {[%clk 0:16:09]} Kf7 {[%clk 0:25:14]} 33. Rxe6
{[%clk 0:15:57]} Qxe6 {[%clk 0:25:40]} 34. Qxc7+ {[%clk 0:16:24]} Kg6
{[%clk 0:23:08]} 35. Qf4 {[%clk 0:16:07]} Qe2+ {[%clk 0:21:30]} 36. Ka3
{[%clk 0:14:10]} Qe1 {[%clk 0:19:13]} 37. Qf5+ {[%clk 0:14:36]} Kh6
{[%clk 0:19:20]} 38. Qh5# 1-0

[Event "ELM 22/23"]
[Site "?"]
[Date "2022.09.25"]
[Round "4.16"]
[White "Vestfal, Jan"]
[Black "Paseka, Matyas"]
[Result "0-1"]
[BlackElo "2244"]
[WhiteElo "2003"]
[LiveChessVersion "1.4.8"]

1. d4 {[%clk 1:30:43]} Nf6 {[%clk 1:30:52]} 2. c4 {[%clk 1:31:06]} g6
{[%clk 1:31:15]} 3. Nc3 {[%clk 1:31:30]} Bg7 {[%clk 1:31:38]} 4. e4
{[%clk 1:31:47]} d6 {[%clk 1:32:01]} 5. Be2 {[%clk 1:31:43]} O-O {[%clk 1:32:16]}
6. h4 {[%clk 1:31:53]} c5 {[%clk 1:28:11]} 7. d5 {[%clk 1:30:05]} b5
{[%clk 1:25:53]} 8. cxb5 {[%clk 1:29:07]} a6 {[%clk 1:26:14]} 9. Nf3
{[%clk 1:23:21]} axb5 {[%clk 1:25:42]} 10. Bxb5 {[%clk 1:23:35]} Qa5
{[%clk 1:23:39]} 11. Nd2 {[%clk 1:15:06]} Nfd7 {[%clk 1:17:25]} 12. Qb3
{[%clk 1:09:53]} Ba6 {[%clk 1:14:47]} 13. Bxa6 {[%clk 1:06:14]} Nxa6
{[%clk 1:14:41]} 14. Nc4 {[%clk 1:00:27]} Qb4 {[%clk 1:14:18]} 15. Qxb4
{[%clk 0:59:50]} cxb4 {[%clk 1:14:15]} 16. Nb1 {[%clk 0:50:22]} Nac5
{[%clk 1:11:41]} 17. Nbd2 {[%clk 0:48:15]} f5 {[%clk 1:09:10]} 18. exf5
{[%clk 0:39:04]} Rxf5 {[%clk 1:09:19]} 19. Ne3 {[%clk 0:37:29]} Rff8
{[%clk 1:06:44]} 20. Ke2 {[%clk 0:37:09]} Ne5 {[%clk 1:06:03]} 21. Nf3
{[%clk 0:27:18]} Nxf3 {[%clk 1:05:46]} 22. gxf3 {[%clk 0:27:40]} Nb3
{[%clk 1:06:10]} 23. Rb1 {[%clk 0:27:55]} Rxa2 {[%clk 1:06:26]} 24. Nc2
{[%clk 0:21:34]} Nxc1+ {[%clk 1:05:17]} 25. Rhxc1 {[%clk 0:21:37]} Rf4
{[%clk 1:04:51]} 26. Ke3 {[%clk 0:19:34]} Rxh4 {[%clk 1:04:53]} 27. f4
{[%clk 0:19:34]} Bxb2 {[%clk 0:56:40]} 28. Rd1 {[%clk 0:17:14]} Rh3+
{[%clk 0:56:58]} 29. f3 {[%clk 0:17:14]} Bc3 {[%clk 0:57:05]} 30. Nxb4
{[%clk 0:16:37]} Bxb4 {[%clk 0:57:26]} 31. Rxb4 {[%clk 0:17:01]} Ra3+
{[%clk 0:57:51]} 32. Rd3 {[%clk 0:17:08]} Rxf3+ {[%clk 0:57:10]} 33. Kxf3
{[%clk 0:17:31]} Rxd3+ {[%clk 0:57:36]} 34. Ke4 {[%clk 0:17:55]} Rd1
{[%clk 0:57:58]} 35. Rb2 {[%clk 0:16:43]} Kf7 {[%clk 0:57:42]} 36. Rb8
{[%clk 0:15:57]} h5 {[%clk 0:55:58]} 37. Rb6 {[%clk 0:13:47]} Kf6
{[%clk 0:54:07]} 38. Rb8 {[%clk 0:13:53]} Ra1 {[%clk 0:52:51]} 39. Rc8
{[%clk 0:14:03]} Ra4+ {[%clk 0:53:06]} 40. Kf3 {[%clk 0:14:27]} Rd4
{[%clk 0:53:31]} 0-1

[Event "ELM 22/23"]
[Site "?"]
[Date "2022.09.25"]
[Round "4.17"]
[White "Buchta, Bartolomej"]
[Black "Voriskova, Anna"]
[Result "1-0"]
[BlackElo "1865"]
[WhiteElo "1670"]
[LiveChessVersion "1.4.8"]

1. e4 {[%clk 1:30:57]} c6 {[%clk 1:30:06]} 2. d4 {[%clk 1:31:18]} d5
{[%clk 1:30:20]} 3. Nc3 {[%clk 1:31:38]} dxe4 {[%clk 1:30:37]} 4. Nxe4
{[%clk 1:31:58]} Nf6 {[%clk 1:30:40]} 5. Nxf6+ {[%clk 1:32:15]} exf6
{[%clk 1:30:18]} 6. c3 {[%clk 1:32:38]} Bd6 {[%clk 1:30:04]} 7. Bd3
{[%clk 1:32:44]} O-O {[%clk 1:29:44]} 8. Qc2 {[%clk 1:32:33]} Re8+
{[%clk 1:29:29]} 9. Ne2 {[%clk 1:31:50]} h5 {[%clk 1:28:09]} 10. h3
{[%clk 1:29:41]} Qc7 {[%clk 1:26:33]} 11. Be3 {[%clk 1:28:35]} Be6
{[%clk 1:23:09]} 12. g4 {[%clk 1:26:32]} h4 {[%clk 1:22:22]} 13. g5
{[%clk 1:23:40]} fxg5 {[%clk 1:10:24]} 14. Bxg5 {[%clk 1:16:07]} c5
{[%clk 1:09:32]} 15. O-O-O {[%clk 1:06:01]} Qa5 {[%clk 1:00:07]} 16. d5
{[%clk 1:04:31]} Bd7 {[%clk 0:57:58]} 17. Rhg1 {[%clk 0:58:31]} Kh8
{[%clk 0:55:20]} 18. Qd2 {[%clk 0:44:32]} Bf8 {[%clk 0:40:21]} 19. Qf4
{[%clk 0:42:07]} Kg8 {[%clk 0:33:39]} 20. Bf6 {[%clk 0:33:58]} g6
{[%clk 0:29:18]} 21. Bxg6 {[%clk 0:23:03]} fxg6 {[%clk 0:28:34]} 22. Rxg6+
{[%clk 0:23:28]} Kh7 {[%clk 0:27:56]} 23. Qg5 {[%clk 0:21:27]} 1-0

[Event "ELM 22/23"]
[Site "?"]
[Date "2022.09.25"]
[Round "4.18"]
[White "Vlcek, Vojtech"]
[Black "Dudova, Pavlina"]
[Result "1/2-1/2"]
[BlackElo "1620"]
[WhiteElo "1616"]
[LiveChessVersion "1.4.8"]

1. d4 {[%clk 1:30:50]} d5 {[%clk 1:30:53]} 2. c4 {[%clk 1:31:10]} c6
{[%clk 1:31:14]} 3. Nf3 {[%clk 1:31:25]} Nf6 {[%clk 1:31:31]} 4. e3
{[%clk 1:31:08]} e6 {[%clk 1:31:27]} 5. Nc3 {[%clk 1:31:08]} Nbd7
{[%clk 1:31:18]} 6. Be2 {[%clk 1:30:15]} Bd6 {[%clk 1:27:59]} 7. O-O
{[%clk 1:28:42]} O-O {[%clk 1:27:47]} 8. Qc2 {[%clk 1:24:11]} Re8
{[%clk 1:27:11]} 9. b3 {[%clk 1:23:48]} b6 {[%clk 1:26:24]} 10. Bb2
{[%clk 1:20:48]} Bb7 {[%clk 1:26:09]} 11. Rfd1 {[%clk 1:20:31]} Qe7
{[%clk 1:22:55]} 12. Rac1 {[%clk 1:19:00]} Rac8 {[%clk 1:22:19]} 13. h3
{[%clk 1:12:47]} e5 {[%clk 0:52:36]} 14. dxe5 {[%clk 1:08:33]} Nxe5
{[%clk 0:52:50]} 15. cxd5 {[%clk 1:06:55]} cxd5 {[%clk 0:52:42]} 16. Qf5
{[%clk 1:03:25]} Qe6 {[%clk 0:37:26]} 17. Qxe6 {[%clk 1:00:06]} fxe6
{[%clk 0:36:17]} 18. Nd4 {[%clk 0:58:02]} a6 {[%clk 0:28:56]} 19. Bf1
{[%clk 0:44:37]} Kf7 {[%clk 0:22:05]} 20. a3 {[%clk 0:30:18]} Rc7
{[%clk 0:18:17]} 21. Rc2 {[%clk 0:29:08]} Rec8 {[%clk 0:17:41]} 22. Rdc1
{[%clk 0:29:25]} Nc6 {[%clk 0:13:53]} 23. Nce2 {[%clk 0:26:40]} Nxd4
{[%clk 0:11:35]} 24. Nxd4 {[%clk 0:26:57]} Rxc2 {[%clk 0:10:30]} 25. Rxc2
{[%clk 0:27:20]} Rxc2 {[%clk 0:10:43]} 26. Nxc2 {[%clk 0:27:46]} Ne4
{[%clk 0:10:35]} 27. Be2 {[%clk 0:23:08]} g6 {[%clk 0:09:31]} 28. Bd4
{[%clk 0:20:45]} b5 {[%clk 0:08:39]} 29. f4 {[%clk 0:14:33]} Nd2 {[%clk 0:08:18]}
30. b4 {[%clk 0:14:17]} Nc4 {[%clk 0:08:10]} 31. g3 {[%clk 0:11:40]} Be7
{[%clk 0:07:58]} 32. Kf2 {[%clk 0:09:36]} Bf6 {[%clk 0:07:14]} 33. Bd3
{[%clk 0:06:21]} h6 {[%clk 0:03:11]} 34. g4 {[%clk 0:03:37]} Bc8 {[%clk 0:02:50]}
35. Kg3 {[%clk 0:03:06]} Bd7 {[%clk 0:02:11]} 36. h4 {[%clk 0:02:51]} Bxd4
{[%clk 0:02:00]} 37. exd4 {[%clk 0:03:11]} Kf6 {[%clk 0:02:18]} 38. Kf3
{[%clk 0:02:39]} Nd2+ {[%clk 0:02:03]} 1/2-1/2